<?xml version="1.0" encoding="UTF-8"?>
<record
    xmlns:xsi="http://www.w3.org/2001/XMLSchema-instance"
    xsi:schemaLocation="http://www.loc.gov/MARC21/slim http://www.loc.gov/standards/marcxml/schema/MARC21slim.xsd"
    xmlns="http://www.loc.gov/MARC21/slim">

  <leader>01541nam a22003495i 4500</leader>
  <datafield tag="999" ind1=" " ind2=" ">
    <subfield code="c">29036</subfield>
    <subfield code="d">29007</subfield>
  </datafield>
  <controlfield tag="003">EG-ScBUE</controlfield>
  <controlfield tag="005">20201213141422.0</controlfield>
  <controlfield tag="008">200219s2002    ua a   f b    000 0bara d</controlfield>
  <datafield tag="020" ind1=" " ind2=" ">
    <subfield code="a">9770908290</subfield>
  </datafield>
  <datafield tag="040" ind1=" " ind2=" ">
    <subfield code="a">EG-ScBUE</subfield>
    <subfield code="b">eng</subfield>
    <subfield code="e">rda</subfield>
    <subfield code="c">EG-ScBUE</subfield>
    <subfield code="d">EG-ScBUE</subfield>
  </datafield>
  <datafield tag="041" ind1="1" ind2=" ">
    <subfield code="a">ara</subfield>
    <subfield code="a">eng</subfield>
    <subfield code="h">ara</subfield>
  </datafield>
  <datafield tag="082" ind1="0" ind2="4">
    <subfield code="a">759.962</subfield>
    <subfield code="b">&#x634; &#x627; &#x631;</subfield>
    <subfield code="2">22</subfield>
  </datafield>
  <datafield tag="100" ind1="1" ind2=" ">
    <subfield code="a">&#x634;&#x627;&#x631;&#x648;&#x646;&#x64A;&#x60C; &#x635;&#x628;&#x62D;&#x64A;&#x60C;</subfield>
    <subfield code="d">1933-2014&#x60C;</subfield>
    <subfield code="e">&#x645;&#x624;&#x644;&#x641;.</subfield>
  </datafield>
  <datafield tag="245" ind1="1" ind2="0">
    <subfield code="a">&#x628;&#x64A;&#x643;&#x627;&#x631; :</subfield>
    <subfield code="b">&#x62D;&#x633;&#x64A;&#x646; &#x628;&#x64A;&#x643;&#x627;&#x631; &#x627;&#x644;&#x641;&#x646;&#x627;&#x646; &#x627;&#x644;&#x634;&#x627;&#x645;&#x644; /</subfield>
    <subfield code="c">&#x628;&#x642;&#x644;&#x645; &#x62F;. &#x635;&#x628;&#x62D;&#x64A; &#x627;&#x644;&#x634;&#x627;&#x631;&#x648;&#x646;&#x64A; &#x61B; &#x627;&#x644;&#x62A;&#x631;&#x62C;&#x645;&#x629; &#x627;&#x644;&#x625;&#x646;&#x62C;&#x644;&#x64A;&#x632;&#x64A;&#x629; &#x631;&#x645;&#x636;&#x627;&#x646; &#x639;&#x628;&#x62F; &#x627;&#x644;&#x642;&#x627;&#x62F;&#x631;.</subfield>
  </datafield>
  <datafield tag="246" ind1="3" ind2="5">
    <subfield code="a">Bikar :</subfield>
    <subfield code="b">Hussein Bikar</subfield>
  </datafield>
  <datafield tag="250" ind1=" " ind2=" ">
    <subfield code="a">&#x627;&#x644;&#x637;&#x628;&#x639;&#x629; &#x627;&#x644;&#x623;&#x648;&#x644;&#x649;.</subfield>
  </datafield>
  <datafield tag="264" ind1=" " ind2="1">
    <subfield code="a">&#x627;&#x644;&#x642;&#x627;&#x647;&#x631;&#x629; :</subfield>
    <subfield code="b">&#x62F;&#x627;&#x631; &#x627;&#x644;&#x634;&#x631;&#x648;&#x642;&#x60C;</subfield>
    <subfield code="c">2002.</subfield>
  </datafield>
  <datafield tag="300" ind1=" " ind2=" ">
    <subfield code="a">161 &#x635;&#x641;&#x62D;&#x629; :</subfield>
    <subfield code="b">&#x635;&#x648;&#x631; (&#x645;&#x644;&#x648;&#x646;&#x629;) &#x61B;</subfield>
    <subfield code="c">30 &#x633;&#x645;</subfield>
  </datafield>
  <datafield tag="336" ind1=" " ind2=" ">
    <subfield code="a">&#x646;&#x635;</subfield>
    <subfield code="b">txt</subfield>
    <subfield code="2">rdacontent</subfield>
  </datafield>
  <datafield tag="337" ind1=" " ind2=" ">
    <subfield code="a">&#x628;&#x62F;&#x648;&#x646; &#x648;&#x633;&#x64A;&#x637;</subfield>
    <subfield code="b">n</subfield>
    <subfield code="2">rdamedia</subfield>
  </datafield>
  <datafield tag="338" ind1=" " ind2=" ">
    <subfield code="a">&#x645;&#x62C;&#x644;&#x62F;</subfield>
    <subfield code="b">nc</subfield>
    <subfield code="2">rdacarrier</subfield>
  </datafield>
  <datafield tag="504" ind1=" " ind2=" ">
    <subfield code="a">&#x64A;&#x634;&#x62A;&#x645;&#x644; &#x639;&#x644;&#x649; &#x625;&#x631;&#x62C;&#x627;&#x639;&#x627;&#x62A; &#x628;&#x628;&#x644;&#x64A;&#x648;&#x62C;&#x631;&#x627;&#x641;&#x64A;&#x629;.</subfield>
  </datafield>
  <datafield tag="546" ind1=" " ind2=" ">
    <subfield code="a">&#x627;&#x644;&#x646;&#x635; &#x628;&#x627;&#x644;&#x644;&#x63A;&#x62A;&#x64A;&#x646; &#x627;&#x644;&#x639;&#x631;&#x628;&#x64A;&#x629; &#x648;&#x627;&#x644;&#x625;&#x646;&#x62C;&#x644;&#x64A;&#x632;&#x64A;&#x629; &#x61B; &#x645;&#x62A;&#x631;&#x62C;&#x645; &#x645;&#x646; &#x627;&#x644;&#x644;&#x63A;&#x629; &#x627;&#x644;&#x639;&#x631;&#x628;&#x64A;&#x629;.</subfield>
  </datafield>
  <datafield tag="600" ind1="1" ind2="7">
    <subfield code="a">&#x628;&#x64A;&#x643;&#x627;&#x631;&#x60C; &#x62D;&#x633;&#x64A;&#x646;&#x60C;</subfield>
    <subfield code="d">1913-2002&#x60C;</subfield>
    <subfield code="2">BUEsh</subfield>
  </datafield>
  <datafield tag="650" ind1=" " ind2="7">
    <subfield code="a">&#x202A;&#x627;&#x644;&#x62A;&#x635;&#x648;&#x64A;&#x631; &#x627;&#x644;&#x632;&#x64A;&#x62A;&#x64A;.</subfield>
    <subfield code="2">BUEsh</subfield>
  </datafield>
  <datafield tag="650" ind1=" " ind2="7">
    <subfield code="a">&#x202A;&#x627;&#x644;&#x631;&#x633;&#x627;&#x645;&#x648;&#x646; &#x627;&#x644;&#x645;&#x635;&#x631;&#x64A;&#x648;&#x646;</subfield>
    <subfield code="v">&#x62A;&#x631;&#x627;&#x62C;&#x645;.</subfield>
    <subfield code="2">BUEsh</subfield>
  </datafield>
  <datafield tag="650" ind1=" " ind2="7">
    <subfield code="a">&#x627;&#x644;&#x641;&#x646;&#x627;&#x646;&#x648;&#x646; &#x627;&#x644;&#x62A;&#x634;&#x643;&#x64A;&#x644;&#x64A;&#x648;&#x646;</subfield>
    <subfield code="v">&#x62A;&#x631;&#x627;&#x62C;&#x645;.</subfield>
    <subfield code="2">BUEsh</subfield>
  </datafield>
  <datafield tag="650" ind1=" " ind2="7">
    <subfield code="a">&#x202A;&#x627;&#x644;&#x644;&#x648;&#x62D;&#x627;&#x62A; &#x627;&#x644;&#x641;&#x646;&#x64A;&#x629;.</subfield>
    <subfield code="2">BUEsh</subfield>
  </datafield>
  <datafield tag="653" ind1=" " ind2=" ">
    <subfield code="b">COMAME</subfield>
    <subfield code="b">GGEN</subfield>
    <subfield code="c">December2020</subfield>
  </datafield>
  <datafield tag="700" ind1="1" ind2=" ">
    <subfield code="a">&#x639;&#x628;&#x62F; &#x627;&#x644;&#x642;&#x627;&#x62F;&#x631;&#x60C; &#x631;&#x645;&#x636;&#x627;&#x646;&#x60C;</subfield>
    <subfield code="e">&#x645;&#x62A;&#x631;&#x62C;&#x645;.</subfield>
  </datafield>
  <datafield tag="942" ind1=" " ind2=" ">
    <subfield code="2">ddc</subfield>
  </datafield>
  <datafield tag="952" ind1=" " ind2=" ">
    <subfield code="0">0</subfield>
    <subfield code="1">0</subfield>
    <subfield code="2">ddc</subfield>
    <subfield code="4">0</subfield>
    <subfield code="7">0</subfield>
    <subfield code="8">Dar-SH</subfield>
    <subfield code="a">MAIN</subfield>
    <subfield code="b">MAIN</subfield>
    <subfield code="c">2ND</subfield>
    <subfield code="d">2017-07-25</subfield>
    <subfield code="e">Purchase</subfield>
    <subfield code="g">150.00</subfield>
    <subfield code="h">2502</subfield>
    <subfield code="o">759.962 &#x634; &#x627; &#x631;</subfield>
    <subfield code="p">000046146</subfield>
    <subfield code="r">2025-07-15 00:00:00</subfield>
    <subfield code="v">188.00</subfield>
    <subfield code="y">BB</subfield>
  </datafield>
  <datafield tag="952" ind1=" " ind2=" ">
    <subfield code="0">0</subfield>
    <subfield code="1">0</subfield>
    <subfield code="2">ddc</subfield>
    <subfield code="4">0</subfield>
    <subfield code="7">0</subfield>
    <subfield code="8">Dar-SH</subfield>
    <subfield code="a">MAIN</subfield>
    <subfield code="b">MAIN</subfield>
    <subfield code="c">2ND</subfield>
    <subfield code="d">2020-12-13</subfield>
    <subfield code="e">Purchase</subfield>
    <subfield code="g">190.00</subfield>
    <subfield code="h">0783</subfield>
    <subfield code="o">759.962 &#x634; &#x627; &#x631;</subfield>
    <subfield code="p">000050087</subfield>
    <subfield code="r">2025-07-15 00:00:00</subfield>
    <subfield code="v">237.50</subfield>
    <subfield code="y">NB</subfield>
  </datafield>
</record>
